000 00660nam a2200181Ia 4500
008 090124s9999 xx 000 0 und d
082 _b110597
100 _aकेतकर ग. वि. (गजानन विश्र्वनाथ)
245 _a गीतार्थ चर्चा
250 _a1
260 _c1963
300 _a159
600 _aकेतकर ग. वि. (गजानन विश्र्वनाथ)
630 _a गीतार्थ चर्चा
700 _aकेतकर ग. वि. (गजानन विश्र्वनाथ)
730 _a गीतार्थ चर्चा
942 _cBOOK
999 _c156688
_d156688